000 01374nam a2200289Ia 4500
999 _c54820
_d54820
001 21889
003 GE_BSU
005 20220620175337.0
008 181216s ||||ge |||||||||||||| ||geo||
020 _a9789941253263
040 _cGE_BSU
041 _ageo
080 _a657.15(075.8) კ-44
100 _aკვატაშიძე, ნ.
_914156
245 _aფინანსური ანგარიშგება :
_bსახელმძღვ. /
_cნ. კვატაშიძე, ა. ხორავა, ზ. გოგრიჭიანი ; რედ. რევაზ ძაძამია.
250 _aმე-2 შესწორებული გამოცემა
264 _aთბილისი :
_bმერიდიან,
_c2017.
300 _a256 გვ. :
_bცხრ. ;
_c29 სმ.
541 _h26 ლ.
653 _aეკონომიკა
653 _aსახელმძღვანელოები უმაღლესი სასწავლებლებისათვის
653 _aფინანსური ანგარიშგება
700 _aხორავა, ა.
_eავტორი
_914157
700 _aგოგრიჭიანი,ზ.
_eავტორი
_914158
700 _aძაძამია, რევაზ
_eრედაქტორი
_9885
942 _cBK
_2udc